LIPPINCOTT,S ILLUSTRATWED REVIEWS PHARMACOLOGY (Record no. 1311)
[ view plain ]
| 000 -LEADER | |
|---|---|
| fixed length control field | 00319nam a2200133Ia 4500 |
| 082 ## - DEWEY DECIMAL CLASSIFICATION NUMBER | |
| Classification number | 615 |
| Item number | P12C |
| 100 ## - MAIN ENTRY--PERSONAL NAME | |
| Personal name | CLARK, MICHELE, A. |
| 245 ## - TITLE STATEMENT | |
| Title | LIPPINCOTT,S ILLUSTRATWED REVIEWS PHARMACOLOGY |
| 250 ## - EDITION STATEMENT | |
| Edition statement | 5TH |
| 260 ## - PUBLICATION, DISTRIBUTION, ETC. (IMPRINT) | |
| Name of publisher, distributor, etc | WOLTERS KLUWER |
| Place of publication, distribution, etc | DELHI |
| Year of Publication | 2012 |
| 300 ## - PAGE DESCRIPTION | |
| No. of Pages | 1-612 |
| 650 ## - SUBJECT ADDED ENTRY--TOPICAL TERM | |
| Topical term or geographic name as entry element | PHARMACOLOGY |
| 942 ## - ADDED ENTRY ELEMENTS (KOHA) | |
| Source of classification or shelving scheme | Dewey Decimal Classification |
| Koha item type | Books |
| 942 ## - ADDED ENTRY ELEMENTS (KOHA) | |
| -- | 7 |
| Withdrawn status | Lost status | Source of classification or shelving scheme | Damaged status | Not for loan | Collection code | Home library | Current library | Shelving location | Date acquired | Vendor Name | Cost, normal purchase price | SGTU | Bill Number | Total Checkouts | Full call number | Accession No. (Barcode) | Date last seen | Date last borrowed | Bill Date | Koha item type |
|---|---|---|---|---|---|---|---|---|---|---|---|---|---|---|---|---|---|---|---|---|
| Dewey Decimal Classification | MEDICAL | SGT Medical Library | SGT Medical Library | Text Book | 07/12/2011 | UBS | 995.00 | SGTU | 579 | 10 | 615 P12C | FM4878 | 16/04/2026 | 08/04/2026 | 20/12/2011 | Books | ||||
| Dewey Decimal Classification | MEDICAL | SGT Medical Library | SGT Medical Library | Text Book | 07/12/2011 | UBS | 995.00 | SGTU | 579 | 5 | 615 P12C | FM4879 | 23/09/2025 | 15/09/2025 | 20/12/2011 | Books | ||||
| Dewey Decimal Classification | MEDICAL | SGT Medical Library | SGT Medical Library | Text Book | 07/12/2011 | UBS | 995.00 | SGTU | 579 | 8 | 615 P12C | FM4880 | 21/04/2025 | 21/04/2025 | 20/12/2011 | Books |